000 00582nam a2200229Ia 4500
003 OSt
005 20220928140445.0
006 a|||||r|||| 00| 0
007 ta
008 220927b |||||||| |||| 00| 0 eng d
024 _a8493
037 _cTextual
040 _aSDCL
_cSDCL
_beng
041 _2eng
_aeng
082 _aB28, P0
100 _aFrench Simon
_9495232
245 0 _aStatistical decision theory .
260 _c2002
700 _a Insua David Rios
_9495233
942 _hB28, P0
_cTEXL
_2CC
999 _c811394
_d811394